ড্রাইডেন ও ডি, এল, রায় / (Record no. 48557)
[ view plain ]
| 000 -LEADER | |
|---|---|
| fixed length control field | 00770nam a2200217 a 4500 |
| 001 - CONTROL NUMBER | |
| control field | 48557 |
| 003 - CONTROL NUMBER IDENTIFIER | |
| rucl marc code | BD-RjUL |
| 005 - DATE AND TIME OF LATEST TRANSACTION | |
| control field | 20211209054538.0 |
| 008 - FIXED-LENGTH DATA ELEMENTS--GENERAL INFORMATION | |
| fixed length control field | 160814s1963 bg |||| |||| 00| 0 ben d |
| 035 ## - SYSTEM CONTROL NUMBER | |
| System control number | (BD-RjUL)48676 |
| 040 ## - CATALOGING SOURCE | |
| Original cataloging agency | BD-RjUL |
| Language of cataloging | ben |
| Transcribing agency | BD-RjUL |
| 041 ## - LANGUAGE CODE | |
| Language code of text/sound track or separate title | ben |
| 082 ## - DEWEY DECIMAL CLASSIFICATION NUMBER | |
| Classification number | 891.442 |
| Author mark and year | CHD 1963 |
| Edition number | 23 |
| 100 ## - MAIN ENTRY--PERSONAL NAME | |
| Personal name | চৌধুরী, মুনীর |
| 9 (RLIN) | 116585 |
| 245 10 - TITLE STATEMENT | |
| Title | ড্রাইডেন ও ডি, এল, রায় / |
| Statement of responsibility, etc. | মুনীর চৌধুরী |
| 260 ## - PUBLICATION, DISTRIBUTION, ETC. (IMPRINT) | |
| Place of publication, distribution, etc. | ঢাকা বিশ্ববিদ্যালয় : |
| Name of publisher, distributor, etc. | বাংলা বিভাগ, |
| Date of publication, distribution, etc. | ১৯৬৩ |
| 300 ## - PHYSICAL DESCRIPTION | |
| Pagination | [৪] ৬২ পৃ. ; |
| Size | ২৫ সেমি. |
| 650 #7 - SUBJECT ADDED ENTRY--TOPICAL TERM | |
| Topical term or geographic name as entry element | বাংলা নাটক |
| 9 (RLIN) | 2362 |
| Topical term or geographic name as entry element | Bengali Drama |
| 9 (RLIN) | 116586 |
| 942 ## - ADDED ENTRY ELEMENTS (KOHA) | |
| Source of classification or shelving scheme | Dewey Decimal Classification |
| Koha item type | Books |
| Lost status | Source of classification or shelving scheme | Damaged status | Not for loan | Collection code | Permanent Location | Current Location | Shelving location | Date acquired | Source of acquisition | Cost, normal purchase price | Total Checkouts | Full call number | Date last seen | Copy number | Koha item type | Date checked out |
|---|---|---|---|---|---|---|---|---|---|---|---|---|---|---|---|---|
| Dewey Decimal Classification | Non-fiction | Central Library, University of Rajshahi | Central Library, University of Rajshahi | 12/06/1968 | Naeous | 1.00 | 891.442 CHD 1963 | 14/08/2016 | C-2 | Books | ||||||
| Dewey Decimal Classification | Non-fiction | Central Library, University of Rajshahi | Central Library, University of Rajshahi | 12/06/1968 | Naeous | 1.00 | B 891.442 CHD 1963 | 14/08/2016 | C-3 | Books | ||||||
| Dewey Decimal Classification | Non-fiction | Central Library, University of Rajshahi | Central Library, University of Rajshahi | 12/06/1968 | Naeous | 1.00 | 2 | B 891.442 CHD 1963 | 28/08/2022 | C-4 | Books | 28/07/2022 | ||||
| Dewey Decimal Classification | Non-fiction | Central Library, University of Rajshahi | Central Library, University of Rajshahi | 09/02/1965 | Ideal Library | 1.00 | B 891.442 CHD 1963 | 20/11/2016 | C-5 | Books | ||||||
| Dewey Decimal Classification | Non-fiction | Central Library, University of Rajshahi | Central Library, University of Rajshahi | 09/02/1965 | Ideal Library | 1.00 | B 891.442 CHD 1963 | 20/11/2016 | C-6 | Books | ||||||
| Dewey Decimal Classification | Non-fiction | Central Library, University of Rajshahi | Central Library, University of Rajshahi | 09/02/1965 | Ideal Library | 1.00 | B 891.442 CHD 1963 | 20/11/2016 | C-7 | Books | ||||||
| Dewey Decimal Classification | Non-fiction | Central Library, University of Rajshahi | Central Library, University of Rajshahi | 09/02/1965 | Ideal Library | 1.00 | B 891.442 CHD 1963 | 20/11/2016 | C-8 | Books |